zpět

Detail výsledku týmu

KD Zliv, Zliv

Datum a čas kvízu

29 Celkem bodů Celkový počet nahraných bodů na tomto kvízu bez doplňovacích otázek.
6. Pořadí na kvízu Konečné umístění týmu na tomto kvízu.

Zaznamenané odpovědi

# Otázka Odpověď Body Výsledky
1. Město Litomyšl vstoupilo do no... 0
2. Chorvatsko a Slovinsko se už n... 1
3. Populární kapela Chinaski ozná... 1
4. Končící britská velvyslankyně... 0.5
5. Naše biatlonistka obsadila skv... 0
6. Současný prezident Miloš Zeman... 1
7. Který z devíti kandidátů ofici... 1
8. Ženskou kandidátku v těchto vo... 1
9. Se kterým kandidátem je spojen... 1
10. Jedním ze smyšlených kandidátů... 0